Las reformas sociales en acción: educación /

Salvato in:
Dettagli Bibliografici
Autore principale: Anaya, Amalia
Altri autori: Téllez, Jorge, González, Pablo, Carvajal, Leonardo
Natura: testo
Tags: Aggiungi Tag
Nessun Tag, puoi essere il primo ad aggiungerne!!

MARC

LEADER 00000 a a2200000 04500
001 48151
003
040
090 |a REV1291 (16) 1997  
100 |a Anaya, Amalia  
245 |a Las reformas sociales en acción:   |b educación /  |c Amalia Anaya, Jorge Téllez, Pablo González, Leonardo Carvajal  
700 |a Téllez, Jorge  
700 |a González, Pablo  
700 |a Carvajal, Leonardo  
773 |g número16, (1997), 54 páginas : tablas, gráficos  
999 |c 22940  |d 22940